000 00565nam a22001817a 4500
005 20251108165521.0
008 250721s1953 xx 000 0 ara d
082 1 4 _aم/413/ز
100 1 _aالزمخشري، أبو القاسم محمود بن عمر
245 1 0 _aأساس البلاغة /
264 1 _aالقاهرة :
_bدار الكتب المصرية،
_c1953.
300 _a514ص
650 1 7 _aاللغة العربية
650 1 7 _aالقواميس
700 1 _aمحمود، عبد الرحيم
_eتحقيق
942 _2ddc
_cREF
999 _c29771
_d29771